Analogia Entis I

Saved in:
Bibliografiske detaljer
Hovedforfatter: Przywara, Erich (autor)
Andre forfattere: Edwards, Aníbal (introducción y traducción)
Format: Bog
Sprog:engelsk
Udgivet: Santiago, Chile: Ediciones Universidad Alberto Hurtado, 2013
Serier:Colección de Filosofía
Fag:
Tags: Tilføj Tag
Ingen Tags, Vær først til at tagge denne postø!

MARC

LEADER 00000nam a22000007a 4500
003 CL-VaPUC
005 20220718115421.0
008 220425b2013 ||||| |||| 00| 0 eng d
999 |c 435496  |d 435494 
020 |a 978-956-320-217 
040 |c Pontificia Universidad Católica de Valparaíso 
082 0 4 |2 22  |a 110 PRZ 2013 
100 1 |a Przywara, Erich  |9 337287  |e autor 
245 1 0 |a Analogia Entis I 
260 |a Santiago, Chile:  |b Ediciones Universidad Alberto Hurtado,   |c 2013 
300 |a 291 páginas 
490 0 |a Colección de Filosofía 
500 |a C1. Donación Facultad de Teología, libro pertenciente a la Profesora Eugenia Colomer (Q.E.P.D). Correo en papel 31/03/2022 
583 |c 20220425  |k Catalogador Asistente 
650 1 |a Metafísica  |9 265649 
650 1 |a Conocimiento de Dios  |x Cristianismo  |9 257361 
650 1 |a Analogía   |x Lógica  |9 870922 
650 1 |a Analogía   |x Aspectos religiosos  |9 870923 
650 1 |a Teoría del conocimiento  |9 870924 
700 |a Edwards, Aníbal  |e introducción y traducción  |9 868759 
942 |2 ddc  |c BK 
952 |0 0  |1 0  |2 ddc  |4 0  |6 110_000000000000000_PRZ_2013  |7 0  |8 A  |9 582777  |a BIBTEO  |b BIBTEO  |c GEN  |d 2022-04-25  |e Donación  |i 5650924  |o 110 PRZ 2013  |p 5650924  |r 2025-01-17  |t 1  |w 2022-04-25  |y BK  |k ICR